000 00945nam a2200217 a 4500
008 090323s2007 ||||||||||||||||| || u
020 _a9781842778197
050 _aHQ 1240 Fem
100 _aConwall, Andrea
245 1 0 _aFeminisms in development: contradictions, contestations and challenges
_cAndrea Cornwell, Elizabeth Harrison & Ann Whitehead, editors
260 _aLondon
_bZed Books
_c2007
300 _aviii, 240p
350 _a0.00
650 _aFEMINIST THEORY
650 _aWOMEN
650 0 _aWOMEN IN DEVELOPMENT
700 _aHarrison, Elizabeth
700 _aWhitehead, Ann
995 _aMAIN LIBRARY OPEN ACCESS
_D0.00
_e739818
_FCBU-MAIN LIBRARY (Kitwe)
_H1
_I0.00
_jHQ 1240 FEM
_M1
_UAVAILABLE
_WApr 23, 2009
_y739818
_ZMain Library Open Access Collection
995 _aMAIN LIBRARY OPEN ACCESS
_D0.00
_e739817
_FCBU-MAIN LIBRARY (Kitwe)
_H1
_I0.00
_jHQ 1240 FEM
_M2
_UAVAILABLE
_WApr 23, 2009
_y739817
_ZMain Library Open Access Collection
999 _c63009
_d63009